| 000 | 00621nam a2200205 4500 | ||
|---|---|---|---|
| 003 | CO-ViMGA | ||
| 020 | _a9789587660289 | ||
| 040 |
_aCO-ViMGA _bspa _cCO-ViMGA |
||
| 082 | 0 | 4 |
_aI 560 _bJ11m |
| 100 | 1 |
_aJacobs, Pat _941 |
|
| 245 | 1 | 0 |
_aDescubre el mundo de los mamiferos Prehistoricos / _cPat Jacobs ; ilustraciones Franco Tempesta |
| 260 |
_aBogota : _bEditorial Panamericana, _c2014 |
||
| 300 |
_a(16 p.) : _bil. ; 27 cm. |
||
| 650 | 1 | 4 |
_aAnimales _xMamiferos _943 |
| 650 | 1 | 4 |
_aPrimates _942 |
| 650 | 1 | 4 |
_aZoologia _944 |
| 700 | 1 |
_aTempesta, Franco _eil. _946 |
|
| 700 | 1 |
_aTorres, Patricia _eTr. _945 |
|
| 942 |
_2ddc _cBK |
||
| 999 |
_c37123 _d37123 |
||